| 000 | 00372nam a2200157Ia 4500 | ||
|---|---|---|---|
| 008 | 230524s9999 xx 000 0 und d | ||
| 082 |
_a5 _bMOO |
||
| 100 |
_aColin Moock _924027 |
||
| 245 | 0 | _aAction Script (The Definite Guide) | |
| 250 | _a1ST | ||
| 260 |
_aMUMBAI _bSPD _c2001 |
||
| 300 | _aX;663 | ||
| 500 | _aQuantity Number: 1 | ||
| 650 | _aComp-Sc | ||
| 942 | _cBK | ||
| 999 |
_c35571 _d35571 |
||